Biggest Countries in Oceania - Sudden Death - Statistics

General Stats
  • This quiz has been taken 91 times
  • The average score is 4 of 8
Answers on the Grid
Answers color-coded by a green-red scale on the quiz's grid according to % correct below.
Marshall Islands
Australia
Palau
New Zealand
Fiji
Kiribati
Solomon Islands
Federated States of Micronesia
Tonga
Papua New Guinea
Tuvalu
Samoa
Nauru
Vanuatu
 
Answer Stats
Answer % Correct
Australia
100%
New Zealand
100%
Papua New Guinea
58%
Solomon Islands
42%
Fiji
33%
Samoa
33%
Tonga
25%
Vanuatu
25%
No matching quizzes found
Score Distribution
Percent of People with Each Score
Percentile by Number Answered
Your Score History
You have not taken this quiz